1765 1512 1254 1386 1186 1892 1496 1385 1276 1340 1650 1018 1092 1568 1596 1550 1290 1507 1659 1891 1514 1352 1377 1607 1831 1847 1790 1464 1571 1069 1693 1529 1682 1527 1929 1184 1199 1454 1274 1230 1007 1585 1942 1680 1080 1681 1369 1755 1245 1390 1699 1618 1111 1474 1131 1490 1781 1936 1124 1236 1365 1978 1126 1784 1013 1545 1749 1610 1234 1245 1788 1505 1812 1292 1055 1141 1445 1154 1850 1942 1110 1575 1650 1719 1268 1250 1701 1625 1195 1449 1445 1672 1709 1460 1763 1421 1889 1733 1180 BCNSPRNW ULIB Ver.6.0+V

เปลี่ยนเป็นภาษาไทย

Change to English
 แสดงรายละเอียดบรรณานุกรม
  กลับหน้าหลัก

Brief Record : Get Marc (ISO 2709) : E-mail record : QR code < ปิดหน้าต่าง
LEADER : 00000nam 2200000uu 4500
001    13399108763
003     ULIB
008    110314s2550||||th 000 0 tha d
020    9748534707
060 04 W21^bพ685ห ล.1 2550
100 0  พินิจ ลิ้มสุคนธ์
245 10 หมอปากหมา. เล่ม 1 /^cพินิจ ลิ้มสุคนธ์
250    พิมพ์ครั้งที่13
260    เชียงใหม่ :^bThe Knowledge Center,^c2550
300    154 หน้า :^bภาพประกอบ ;^c21 ซม.
650  7 การแพทย์^vรวมเรื่อง
650  7 ผู้ป่วย^vรวมเรื่อง
945    ^p135^l0^i025172
995    ทศพร
999 ^a ใช้งานได้ทุกระบบ
รายการนี้ยังไม่มีแท็ก
คุณยังไม่ได้ล็อกอิน คุณสามารถมีกิจกรรมร่วมกับเว็บไซต์ได้ แต่ต้องล็อกอินก่อน ::
  ล็อกอิน

รายการสื่อสารสนเทศ

ลำดับที่ ประเภท เลขเรียก/บาร์โค้ด สถานที่ สถานะ
- ไม่พบข้อมูล -

รายการใกล้เคียง
    ผู้แต่ง [พินิจ ลิ้มสุคนธ์]

BibComment


ยังไม่เคยถูกคอมเมนท์

คอมเมนท์ทรัพยากรรายการนี้
  คอมเมนท์: หมอปากหมา เล่ม 1 ..


 Copyright 2026. Bcnsprnw @Library